000 00558nam a22001937a 4500
003 KOHA_MİRAKIL
005 20250428151816.0
008 250428b tu ||||| |||| 00| 0 tur d
020 _a9786254290169
040 _aTR-AnABB
_btur
_cTR-AnABB
041 _atur
082 _a828.3354
_bCON 2022
100 1 _aBaum, Lyman Frank,
245 1 0 _aMuhteşem Oz diyarı /
_cL. Frank Baum
260 _aİstanbul :
_bTürkiye İş Bankası Yayınları,
_c2022
300 _a157 sayfa ;
_c21 cm
650 0 4 _aAmerikan edebiyatı, roman
942 _2ddc
_cBK
999 _c8842
_d8842
900 _bGizem YORULMAZ